| 000 | 00618nam a22002057a 4500 | ||
|---|---|---|---|
| 999 |
_c7576 _d7576 |
||
| 003 | OSt | ||
| 005 | 20211207180125.0 | ||
| 008 | 211207b ||||| |||| 00| 0 eng d | ||
| 020 | _a9780071310703 | ||
| 040 | _cDDC | ||
| 082 | _a658.15 COR 2011 | ||
| 100 |
_aStephen A. Ross; Randolph W. Westerfield; Jeffrey, Jaffe; Bradford D. Jordan _915498 |
||
| 245 | _a Core Principles and Applications of Corporate Finance. | ||
| 250 | _a3rd ed. | ||
| 260 |
_aNew York: _bMcGraw-Hill; _c2011, |
||
| 300 |
_a752p.: _bill; _c26cm. |
||
| 504 | _aIncludes Index. | ||
| 650 |
_aCorporations -- Finance. _915499 |
||
| 942 |
_2ddc _cBOOK |
||